00908nam a2200205 i 4500001000700000003000900007005001700016008004100033100002400074245010800098260006300206300003900269599006400308650003900372700003800411752002500449852005900474999001900533952015000552162967ES-MaACL20230906212635.0050706s1859 sp a | |||||||| ||spa d1 aRarey, J.S.913161410aNuevo arte de domar caballos / cescrito en inglés por J.S. Rarey ; traducido y adicionado por J.M.P. aCádiz : b[s.n.], c1859 (fImp. de la Revista Médica) a77 p., [5] h. de lám. ; c16 cm. aLám.: retrato del autor e imágenes de doma de caballos. 4aCaballos-xAdiestramiento.91736831 aMesa y Pastor, José de.9129868 aEspaña - dCádiz aES-MaACLjFol-Laf-508 z- Legado Modesto de la Fuente c162967d162967 001040708Colección_de_folletosaATENEOMbATENEOMcDEPOFd2008-01-17eSSCl0oFol-Laf-508p1170747r2023-02-23 00:00:00w2023-02-23yFOLLETOS